[Event "Graz"]
[Site "Graz"]
[Date "1991.??.??"]
[Round "9"]
[White "Vukic, Milan"]
[Black "Fahrner, Kurt"]
[Result "1-0"]
[WhiteElo "2500"]
[BlackElo "2290"]
[PlyCount "75"]
[EventDate "1991.03.??"]
[Source "www.chesslib.no"]
[SourceDate "2004.05.04"]

1. Nf3 f5 2. c4 Nf6 3. g3 e6 4. Bg2 Be7 5. O-O O-O 6. d4 c6 7. b3 a5 8. Ba3 d6 9. Nc3 Na6 10. e3 Rb8 11. Bb2 b5 12. Nd2 d5 13. c5 Ne4 14. Ncxe4 fxe4 15. f3 exf3 16. Nxf3 Bf6 17. Qe2 b4 18. Rf2 Nc7 19. a3 Na6 20. a4 Nc7 21. Re1 Ba6 22. Qc2 Qe8 23. Bc1 Qh5 24. e4 g5 25. exd5 exd5 26. Ne5 Bxe5 27. Rxe5 Rxf2 28. Kxf2 Rf8+ 29. Kg1 h6 30. h4 Qf7 31. hxg5 Ne6 32. gxh6 Nxd4 33. Rg5+ Kh8 34. Bb2 Qf6 35. Qg6 Qxg6 36. Rxg6 Kh7 37. Rg7+ Kxh6 38. Bxd4 1-0

[Event "DSU"]
[Site "?"]
[Date "2000.02.15"]
[Round "?"]
[White "Sogaard Ove"]
[Black "Chambers Duncan (ENG)"]
[Result "1/2-1/2"]
[WhiteElo "2465"]
[BlackElo "2324"]
[PlyCount "59"]
[EventDate "2000.??.??"]
[Source "www.chesslib.no"]
[SourceDate "2004.05.04"]

1. d4 e6 2. c4 f5 3. g3 Nf6 4. Bg2 Be7 5. Nf3 O-O 6. O-O c6 7. b3 a5 8. a3 d5 9. Bb2 Bd7 10. Nbd2 Be8 11. Ne5 Nbd7 12. Nd3 Bh5 13. Rc1 Bd6 14. Nf3 Bxf3 15. exf3 Re8 16. f4 Qe7 17. a4 Rac8 18. Re1 Ne4 19. cxd5 cxd5 20. f3 Nef6 21. Bf1 Nf8 22. Ne5 N6d7 23. Bb5 Red8 24. Nd3 b6 25. Re2 Nb8 26. Kg2 Qb7 27. Rec2 Ng6 28. Qe1 Kf7 29. Qe2 Rxc2 30. Rxc2 1/2-1/2

[Event "CRO Team Ch"]
[Site "Pula CRO"]
[Date "1992.??.??"]
[Round "5"]
[White "Sulava, Nenad"]
[Black "Zaja, Ivan"]
[Result "1/2-1/2"]
[WhiteElo "2405"]
[BlackElo "2375"]
[PlyCount "59"]
[EventDate "1992.??.??"]
[Source "www.chesslib.no"]
[SourceDate "2004.05.04"]

1. Nf3 e6 2. g3 f5 3. Bg2 Nf6 4. O-O Be7 5. d4 O-O 6. c4 c6 7. Bg5 h6 8. Bxf6 Bxf6 9. Nc3 d5 10. Qc2 Bd7 11. Rfd1 Be8 12. e3 Nd7 13. Ne2 g5 14. Nc1 Bg6 15. Nd3 a5 16. Nfe5 Bxe5 17. Nxe5 Nxe5 18. dxe5 Kh7 19. f4 Qb6 20. Rd4 Rfd8 21. Rad1 Qc5 22. Rc1 Rac8 23. Qd2 Qa7 24. c5 gxf4 25. Rxf4 b6 26. Qd4 b5 27. Rcf1 Qe7 28. h3 Rg8 29. Kh2 Rg7 30. Rh4 1/2-1/2

[Event "FRG Open Ch"]
[Site "GER"]
[Date "1986.??.??"]
[Round "?"]
[White "Hoensch, Matthias"]
[Black "Bischoff, Klaus"]
[Result "0-1"]
[WhiteElo "2285"]
[BlackElo "2475"]
[PlyCount "104"]
[EventDate "1986.??.??"]
[Source "www.chesslib.no"]
[SourceDate "2004.05.04"]

1. d4 e6 2. c4 f5 3. Nf3 Nf6 4. g3 Be7 5. Bg2 O-O 6. O-O Ne4 7. Nfd2 d5 8. Nxe4 fxe4 9. Nc3 c6 10. Be3 Nd7 11. Rc1 Nb6 12. b3 Bd7 13. c5 Nc8 14. f3 exf3 15. exf3 Bf6 16. Bf4 Qe7 17. Re1 g5 18. Be5 Qg7 19. Bf1 Ne7 20. Bd3 Be8 21. Rc2 Bg6 22. Rce2 Rae8 23. Kg2 Bxd3 24. Qxd3 Ng6 25. Bd6 Bxd4 26. Bxf8 Rxf8 27. Nd1 e5 28. b4 g4 29. fxg4 e4 30. Qb3 Rf3 31. Ne3 Ne5 32. Nf5 Rxb3 33. Nxg7 Rxb4 34. Ne6 Nf3 35. Rf1 Bf6 36. h4 Kf7 37. g5 Be7 38. h5 Kxe6 39. Rxf3 Bxg5 40. Rf8 h6 41. Re8+ Kf7 42. Ra8 Be7 43. Rf2+ Kg7 44. Re8 Bxc5 45. Rf5 Rb2+ 46. Kh3 Rf2 47. Rxf2 Bxf2 48. Kg2 Bc5 49. Rb8 b6 50. Rc8 d4 51. Rxc6 d3 52. Rc7+ Kf6 0-1

[Event "XIII Open internazionale"]
[Site "Villa de Coria del Río SPA"]
[Date "2007.02.28"]
[Round "9"]
[White "Pereira, Manuel"]
[Black "Spraggett, Kevin"]
[Result "1/2-1/2"]
[WhiteElo "2120"]
[BlackElo "2633"]
[PlyCount "62"]
[EventDate "2007.02.21"]
[Source "www.chesslib.no"]
[SourceDate "2004.05.04"]

1. d4 f5 2. c4 Nf6 3. Nf3 e6 4. g3 Be7 5. Bg2 O-O 6. O-O Ne4 7. Qc2 Bf6 8. b3 d5 9. Bb2 Nc6 10. Nbd2 a5 11. a3 Bd7 12. Ne5 Be8 13. Rad1 Qe7 14. f3 Nxd2 15. Rxd2 a4 16. b4 dxc4 17. Qxc4 Na7 18. Rc1 c6 19. e3 Nb5 20. Re1 Qd6 21. Qc2 Bh5 22. Nd3 g5 23. Qc5 Qc7 24. f4 Nd6 25. fxg5 Bxg5 26. Nf4 Bxf4 27. exf4 Rfe8 28. d5 exd5 29. Bxd5+ Bf7 30. Rxe8+ Nxe8 31. Bf3 Rd8 1/2-1/2

[Event "Koop Tjuchem (open), Groningen NED"]
[Site "Groningen"]
[Date "1996.??.??"]
[Round "?"]
[White "Roeder, M."]
[Black "Haub, TM."]
[Result "1/2-1/2"]
[WhiteElo "2435"]
[BlackElo "2310"]
[PlyCount "74"]
[EventDate "1996.??.??"]
[Source "www.chesslib.no"]
[SourceDate "2004.05.04"]

1. d4 f5 2. g3 Nf6 3. c4 e6 4. Bg2 Be7 5. Nf3 O-O 6. O-O a5 7. Nc3 Ne4 8. Ne5 d6 9. Nd3 Nxc3 10. bxc3 Bf6 11. e4 Nc6 12. exf5 exf5 13. Nf4 Bg5 14. h4 Bh6 15. Re1 Bd7 16. Rb1 Rb8 17. c5 dxc5 18. d5 Na7 19. Ne6 Bxe6 20. Bxh6 Bf7 21. Bg5 Qd7 22. Be7 Rfe8 23. Bxc5 b6 24. Rxe8+ Rxe8 25. Bd4 Nc8 26. c4 Nd6 27. Ba1 f4 28. g4 Nxc4 29. Qd4 Qxg4 30. Qxc4 Qg6 31. Rb3 Re1+ 32. Kh2 Qd6 33. Qd4 f3+ 34. Kh3 Qd7+ 35. Kh2 Qd6+ 36. Kh3 Qd7+ 37. Kh2 Qd6+ 1/2-1/2

[Event "Kobanya Open"]
[Site "Kobanya"]
[Date "1991.??.??"]
[Round "6"]
[White "Kallai, Gabor"]
[Black "Roos, Jean-Luc"]
[Result "0-1"]
[WhiteElo "2440"]
[BlackElo "2305"]
[PlyCount "84"]
[EventDate "1991.??.??"]
[Source "www.chesslib.no"]
[SourceDate "2004.05.04"]

1. d4 e6 2. c4 f5 3. Nf3 Nf6 4. g3 Be7 5. Bg2 O-O 6. O-O Ne4 7. b3 Bf6 8. Bb2 d5 9. Nbd2 c5 10. cxd5 exd5 11. Qc2 b6 12. dxc5 Bxb2 13. Qxb2 bxc5 14. Rfd1 Bb7 15. Rac1 Nd7 16. e3 Qe7 17. Nb1 Rfe8 18. Nc3 Ndf6 19. h3 Rac8 20. Re1 Bc6 21. Qa3 Qd6 22. Rc2 Red8 23. Na4 Bb5 24. Rd1 Qa6 25. Bf1 Bxf1 26. Rxf1 d4 27. exd4 Qd3 28. Ne1 Qxd4 29. Rc4 Qd6 30. Nf3 Nxg3 31. Re1 Nge4 32. Qc1 Nh5 33. Qe3 Nf4 34. Nh4 Nd5 35. Qd3 Qf4 36. Qg3 Nxg3 37. Rxf4 Nxf4 38. fxg3 Nd3 39. Re7 c4 40. bxc4 Rxc4 41. Rxa7 Rc2 42. Nxf5 Rb8 0-1